Statistics for African Geography By Letter-L

Click here to take the quiz!

General Stats

  • This quiz has been taken 245 times
  • The average score is 6 of 8

Answer Stats

HintAnswer% Correct
Country wholly surrounded by South AfricaLesotho
99%
Country largely founded by freed American SlavesLiberia
97%
Country where Benghazi is located.Libya
93%
Largest City in AfricaLagos
93%
Capital of AngolaLuanda
83%
Capital of ZambiaLusaka
77%
Capital of Mauritius Port______Louis
75%
River Flowing to the Indian Ocean from South AfricaLimpopo
24%

Score Distribution

Percentile by Number Answered

Percent of People with Each Score

Your Score History

You have not taken this quiz